=LDR 00000nam 2200000 4500 =001 INLIS000000000036537 =005 20230531011916 =035 ##$$a 0010-061300000036537 =008 230531################g##########0#ind## =041 ##$$a Ind =082 ##$$a 741.5 =090 ##$$a 741.5, Caz h =100 ##$$a Cazenove =245 1#$$a Humor pemadam kebakaran, orang-orang di titik api, Cazenove ; alih bahasa, Stephanus Herwinaro Anwar =260 ##$$a Jakarta :$b Gramedia,$c 2010 =300 ##$$a 44 hlm : $b Ilus ; $c 24 cm =650 #4$$a Komik, Bacaan =850 ##$$a NBPNMAT =084 ##$$a 741.5 CAZ h =990 ##$$a 0001/BPAP-NTB/2015 =990 ##$$a 17561756 =990 ##$$a 21101830 =990 ##$$a 0001/BPAP-NTB/2015